| 000 | 00688nam a2200217 a 4500 | ||
|---|---|---|---|
| 001 | BRCA_148 | ||
| 005 | 20190320202911.0 | ||
| 008 | 960221s1996 sp-a---###---#000-0#spa-# | ||
| 020 | _a8434465809 | ||
| 040 |
_aDLC _cDLC |
||
| 050 | 4 |
_aAM5 _b.A75 _c1996 |
|
| 100 | 1 |
_aFernández Arenas, José _9568 |
|
| 245 | 1 | 0 |
_aIntroducción a la conservación del patrimonio y técnicas artísticas _cJosé Fernández Arenas. |
| 260 |
_aBarcelona _bAriel _c1996-1997 |
||
| 300 |
_a203 p. _c22 cm. |
||
| 440 | 0 |
_aAriel historia. _pSerie Historia del arte _9569 |
|
| 500 | _aIncluye vocabulario | ||
| 650 | 1 | 4 |
_aArte _xTécnicas _9570 |
| 650 | 1 | 4 |
_aArte _xConservación y restauración _9571 |
| 942 |
_2lcc _cB |
||
| 999 |
_c127 _d127 |
||